000 00610nam a22001937a 4500
005 20240823110731.0
010 _aENG-141394
020 _a9789380190587
_c500.00
035 _aEN-124926
037 _bDBAD
082 _a658.3
100 _aDeogharia, Vinay Kumar
_970460
245 _aHuman Resource Management in Indian Coal Industry/
_cBy Vinay kumar Deogharia
260 _aNew Delhi
_bR.D. Pandey Satyam Publishing House
_c2011
270 _aN-3/25, Mohan Garden,
_bNew Delhi
_e110059
_k011-25358642
300 _a202p.
_c22cm(hb)
700 _970456
942 _2ddc
_cEN
_h658.3
_mDEO
999 _c205223
_d205223